01268 a2200229 4500003000500000005001700005010001200022040000900034082001200043100003100055245006600086260003700152300001500189505036600204600002900570650003900599942002100638999001900659952012000678952012000798952012000918NUST20230707092244.0 a7479485 cNust a515,HAR aHart, William L. 9113437 aCalculus with applications: bA Brif Course /cWilliam L Hart aNew Yorkb Laidlaw Brotherc1973 axii,327p.; aCertain precalculus(Page-1), Calculus with applications (Page-53) Differentiation of exponential and logarithmic functions (Page-145), Introduction to solid analytic geometry (Page-215), Partial differentiation and applications (Page-229), Applications of integration (Page-261), Improper integrals,and probability for a continuous random variable (Page-305). aWilliam L. Hart.9113438 aCalculus with applications9113439 2ddccBKk515,HAR c180330d180330 00102ddc4070aMCSbMCScGENd2016-12-12o515,HARpMCS7271r2016-12-08w2016-12-12yBKzAlmirah No.82, Shelf No.3 00102ddc4070aMCSbMCScGENd2016-12-12o515,HARpMCS7449r2016-12-08w2016-12-12yBKzAlmirah No.82, Shelf No.3 00102ddc4070aMCSbMCScGENd2016-12-12o515,HARpMCS7450r2016-12-08w2016-12-12yBKzAlmirah No.82, Shelf No.3